The Essential Guide to Doing Research / (Record no. 4739)

MARC details
000 -LEADER
fixed length control field 00543nam a2200157 a 4500
020 ## - INTERNATIONAL STANDARD BOOK NUMBER
ISBN 0761941991 (paperback)
020 ## - INTERNATIONAL STANDARD BOOK NUMBER
ISBN 9780761941996 (paperback)
082 ## - DEWEY DECIMAL CLASSIFICATION NUMBER
Classification number 300.72LEA
100 1# - MAIN ENTRY--AUTHOR NAME
Personal name O'Leary Zina
245 14 - TITLE STATEMENT
Title The Essential Guide to Doing Research /
260 ## - PUBLICATION, DISTRIBUTION, ETC. (IMPRINT)
Place of publication New Delhi
Name of publisher Vistaar Publication,
Year of publication 2005.
300 ## - PHYSICAL DESCRIPTION
Number of Pages XII,226 p. ;
650 ## - SUBJECT ADDED ENTRY--TOPICAL TERM
Topical Term Research--Methodology
-- Social sciences--Research
-- Social sciences--Research--Methodology
-- Social sciences--Methodology
856 40 - ELECTRONIC LOCATION AND ACCESS
Uniform Resource Identifier http://10.10.170.122:8080/browse/book/18283
942 ## - ADDED ENTRY ELEMENTS (KOHA)
Koha item type Books
Holdings
Withdrawn status Lost status Home library Current library Date acquired Cost, normal purchase price Full call number Accession Number Koha item type Collection code Shelving location
    Central Library, QUEST, Nawabshah Central Library, QUEST, Nawabshah 30/05/2014 555.00 370.72O'LE 28041 Books    
    Reference Section Reference Section 29/09/2014   300.72 ZIN (Shelf - 21A) 33299 Books Reference Reference